• AIU
  • Tony Wilmot Memorial Library
Normal view MARC view

Entry Topical Term

Number of records used in: 1

001 - CONTROL NUMBER

  • control field: 57882

003 - CONTROL NUMBER IDENTIFIER

  • control field: OSt

005 - DATE AND TIME OF LATEST TRANSACTION

  • control field: 20250401162004.0

008 - FIXED-LENGTH DATA ELEMENTS

  • fixed length control field: 250401|| aca||aabn | a|a d

040 ## - CATALOGING SOURCE

  • Original cataloging agency: OSt
  • Transcribing agency: OSt

600 ## -

  • : Environmental education--Kenya
  • : Sustainable development--Study and teaching--Kenya

670 ## - SOURCE DATA FOUND

  • Source citation: Work cat.: (OSt)68360: Ayub Macharia Ndaruga 57881, Innovative Environmental Education Methodologies :, 2013